=LDR 00000nam 2200000 4500 =001 INLIS000000000033708 =005 20130612135640 =008 ***********************************ind** =035 ##$$a0010-061300000033708 =041 ##$$a ind =082 ##$$a 372.2 =090 ##$$a 372.2, Wan,m =100 ##$$a Wangs,Putri Pandan =245 ##$$a Mendidik Anak Prasekolah, Pendidikan Sebagai Arena Bermain Anak Usia Prasekolah dan Play Group, Putri Pandan Wangi ; Editor, Zainal =260 ##$$a 2005 $b Yogyakarta =300 ##$$a viii,115 hlm.hlm., Illus, 20 cm =650 ##$$a Pendidikan Prasekolah =700 ##$$a Zainal =850 ##$$a NBPNMAT =990 ##$$a 21196044/BPAP-NTB/2014 =990 ##$$a 0001/BPAP-NTB/20142014